[Event "Mercredi 2018.08.29 ABCD"]
[Site "Montreal CAN"]
[Date "2018.09.12"]
[Round "3"]
[White "Langlois-Remillard, Alexis"]
[Black "Lopez Linares, Lizandro"]
[Result "1/2-1/2"]
[WhiteElo "2124"]
[BlackElo "2190"]
[PlyCount "39"]
[EventDate "2018.08.29"]
[EventType "tourn"]
[EventRounds "5"]
[EventCountry "CAN"]

1. b3 d5 2. Bb2 Bf5 3. e3 e6 4. Nf3 h6 5. c4 c6 6. Nc3 Nf6 7. Be2 Nbd7 8. O-O
Be7 9. cxd5 cxd5 10. d3 O-O 11. Re1 Bh7 12. a3 Qb8 13. Bf1 Rd8 14. Rc1 a6 15.
Ne2 Bd6 16. Ng3 Bf8 17. Nd4 Bd6 18. Nf3 Bg6 19. Nh4 Bh7 20. Nf3 1/2-1/2

[Event "Mercredi 2018.08.29 ABCD"]
[Site "Montreal CAN"]
[Date "2018.09.12"]
[Round "3"]
[White "Lebeau, Gilbert"]
[Black "Nesterov, Timour"]
[Result "0-1"]
[WhiteElo "1947"]
[BlackElo "1945"]
[PlyCount "132"]
[EventDate "2018.08.29"]
[EventType "tourn"]
[EventRounds "5"]
[EventCountry "CAN"]

1. d4 e6 2. Nf3 f5 3. Nc3 Nf6 4. Bg5 Be7 5. g3 b6 6. Bg2 Bb7 7. O-O O-O 8. e3
d6 9. Qe2 Ne4 10. Bxe7 Qxe7 11. Nxe4 Bxe4 12. Rfd1 Nd7 13. Rd2 Nf6 14. Rad1
Rae8 15. c4 e5 16. c5 f4 17. cxd6 cxd6 18. dxe5 dxe5 19. exf4 exf4 20. Re1 fxg3
21. Qc4+ Kh8 22. hxg3 Qb7 23. Nh4 Bxg2 24. Nxg2 Rxe1+ 25. Nxe1 Ne4 26. Re2 Ng5
27. Qg4 h6 28. f4 Nh7 29. Qf3 Qf7 30. Nd3 Qf5 31. g4 Ng5 32. Qg3 Ne4 33. Qh3
Qd5 34. Qe3 Nf6 35. Ne5 Kh7 36. g5 Nh5 37. g6+ Kg8 38. Nf7 Qf5 39. Qe6 Qxe6 40.
Rxe6 Nxf4 41. Rc6 Nxg6 42. Nxh6+ Kh7 43. Ng4 Rf4 44. Ne3 Rb4 45. b3 Rb5 46. Kf2
Ne5 47. Rc7 Ra5 48. a4 Nd3+ 49. Ke2 Nf4+ 50. Kf3 Ne6 51. Re7 Nd4+ 52. Kg4 Nxb3
53. Nf5 Nc5 54. Rxg7+ Kh8 55. Re7 Rxa4+ 56. Kg5 Kg8 57. Kf6 Ne4+ 58. Ke6 Kf8
59. Rc7 Nc5+ 60. Kf6 Ke8 61. Nd6+ Kd8 62. Rh7 a5 63. Nb7+ Nxb7 64. Rxb7 Rb4 65.
Ke6 Kc8 66. Ra7 Kb8 0-1

[Event "Mercredi 2018.08.29 ABCD"]
[Site "Montreal CAN"]
[Date "2018.09.12"]
[Round "3"]
[White "Nikulich, Oleksandr"]
[Black "Pomerantz, Daniel"]
[Result "0-1"]
[WhiteElo "2097"]
[BlackElo "2062"]
[PlyCount "96"]
[EventDate "2018.08.29"]
[EventType "tourn"]
[EventRounds "5"]
[EventCountry "CAN"]

1. d4 Nf6 2. c4 e6 3. Nc3 Bb4 4. e3 O-O 5. Bd3 d5 6. Nf3 b6 7. O-O Bb7 8. a3
Bd6 9. Qe2 Nbd7 10. Nd2 c5 11. Nb3 Rc8 12. Bd2 cxd4 13. Nxd4 dxc4 14. Bc2 a6
15. e4 Bc5 16. Be3 Ne5 17. Rad1 Qc7 18. Bf4 Rfd8 19. Nf3 Nxf3+ 20. Qxf3 Qc6 21.
Qh3 h6 22. e5 Nd5 23. Nxd5 exd5 24. Bf5 Ra8 25. e6 Bc8 26. Rfe1 Bxe6 27. Rxe6
fxe6 28. Bxe6+ Kh7 29. Bxh6 Qxe6 30. Qxe6 gxh6 31. b4 cxb3 32. Qf7+ Kh8 33.
Qf6+ Kh7 34. Qf5+ Kh8 35. Qg6 Rd6 36. Qg3 Rf8 37. Rf1 Rdf6 38. h3 Rxf2 39. Qe5+
Kh7 40. Rxf2 Rxf2 41. Kh2 b2 42. Qc7+ Kg6 43. Qg3+ Kf6 44. Qh4+ Ke5 45. Qg3+
Ke4 46. Qg4+ Kd3 47. Qd1+ Kc3 48. Qe1+ Kc2 0-1

[Event "Mercredi 2018.08.29 ABCD"]
[Site "Montreal CAN"]
[Date "2018.09.12"]
[Round "3"]
[White "Nunez, Omar"]
[Black "Jacquet, Stephane"]
[Result "0-1"]
[WhiteElo "1975"]
[BlackElo "2059"]
[PlyCount "58"]
[EventDate "2018.08.29"]
[EventType "tourn"]
[EventRounds "5"]
[EventCountry "CAN"]

1. e4 d6 2. f4 g6 3. d3 Bg7 4. Nf3 c5 5. Be2 Nc6 6. c3 e6 7. O-O Nge7 8. Na3
O-O 9. Be3 b6 10. Nc2 d5 11. Qe1 Bb7 12. Rd1 Qc7 13. Bc1 Rad8 14. Qh4 dxe4 15.
dxe4 Na5 16. Rxd8 Rxd8 17. f5 exf5 18. Bf4 Qd7 19. Rd1 Qxd1+ 20. Bxd1 Rxd1+ 21.
Kf2 f6 22. Ne3 Rb1 23. exf5 Rxb2+ 24. Kg3 Nc4 25. Kh3 Nxe3 26. Bxe3 Nxf5 27.
Qc4+ Kf8 28. Bf4 Bc8 29. Qd5 Ne7+ 0-1

[Event "Mercredi 2018.08.29 ABCD"]
[Site "Montreal CAN"]
[Date "2018.09.12"]
[Round "3"]
[White "O'Connor, Michael"]
[Black "Nardone, Raul"]
[Result "1/2-1/2"]
[WhiteElo "1804"]
[BlackElo "1764"]
[PlyCount "71"]
[EventDate "2018.08.29"]
[EventType "tourn"]
[EventRounds "5"]
[EventCountry "CAN"]

1. d4 Nf6 2. Nf3 g6 3. c4 Bg7 4. Nc3 O-O 5. e4 d6 6. Be2 e5 7. Be3 Nc6 8. d5
Ne7 9. Nd2 c6 10. O-O cxd5 11. cxd5 Bd7 12. Rc1 a6 13. a4 b5 14. axb5 axb5 15.
Nxb5 Bxb5 16. Bxb5 Qa5 17. Bc6 Rab8 18. b3 h6 19. Rc4 Nc8 20. Qa1 Qd8 21. f3
Nh5 22. g3 Kh7 23. Qc3 Bf6 24. Rb4 Rxb4 25. Qxb4 Bg5 26. Qc3 f5 27. Bf2 f4 28.
g4 Ng7 29. b4 Bh4 30. b5 Bxf2+ 31. Kxf2 Qh4+ 32. Ke2 Qxh2+ 33. Rf2 Qh4 34. Qa5
h5 35. Bd7 Qe7 36. Bc6 1/2-1/2

[Event "Mercredi 2018.08.29 ABCD"]
[Site "Montreal CAN"]
[Date "2018.09.12"]
[Round "3"]
[White "O'Neill, Brendon"]
[Black "Jean, Robert"]
[Result "1-0"]
[WhiteElo "1702"]
[BlackElo "1683"]
[PlyCount "64"]
[EventDate "2018.08.29"]
[EventType "tourn"]
[EventRounds "5"]
[EventCountry "CAN"]

1. e4 c5 2. Nf3 Nc6 3. d4 cxd4 4. Nxd4 Nf6 5. Nxc6 bxc6 6. e5 Qa5+ 7. Nd2 Qxe5+
8. Be2 d5 9. Nf3 Qc7 10. O-O e5 11. Re1 Bd6 12. Bg5 Ne4 13. Bh4 O-O 14. Bd3 f5
15. Bxe4 fxe4 16. Nd2 Be6 17. c4 Bc5 18. Rc1 Qb6 19. cxd5 cxd5 20. Qe2 Rf7 21.
Nb3 Bd6 22. Rc2 Rc8 23. Rxc8+ Bxc8 24. Rd1 Be6 25. Rc1 a5 26. Rc2 a4 27. Nd2
Rc7 28. Bd8 Bc5 29. Bxc7 Qxc7 30. Qb5 Bxf2+ 31. Kxf2 Qf7+ 32. Kg1 e3 1-0

[Event "Mercredi 2018.08.29 ABCD"]
[Site "Montreal CAN"]
[Date "2018.09.12"]
[Round "3"]
[White "Ostaci, Liviu"]
[Black "Millette, Sylvain"]
[Result "0-1"]
[WhiteElo "1684"]
[BlackElo "1692"]
[PlyCount "24"]
[EventDate "2018.08.29"]
[EventType "tourn"]
[EventRounds "5"]
[EventCountry "CAN"]

1. c4 Nf6 2. Nf3 g6 3. g3 Bg7 4. Bg2 O-O 5. O-O c5 6. Nc3 Nc6 7. Rb1 d5 8. cxd5
Nxd5 9. Nxd5 Qxd5 10. d3 Qxa2 11. Be3 Nd4 12. b4 Nxe2+ 0-1

[Event "Mercredi 2018.08.29 ABCD"]
[Site "Montreal CAN"]
[Date "2018.09.12"]
[Round "3"]
[White "Tremblay, Alain"]
[Black "Boudreau, Daniel"]
[Result "1-0"]
[WhiteElo "2128"]
[BlackElo "2059"]
[PlyCount "64"]
[EventDate "2018.08.29"]
[EventType "tourn"]
[EventRounds "5"]
[EventCountry "CAN"]

1. e4 c5 2. Nf3 e6 3. d4 cxd4 4. Nxd4 Nc6 5. Nc3 Nf6 6. Ndb5 d6 7. Bf4 e5 8.
Bg5 a6 9. Na3 b5 10. Nd5 Be7 11. Bxf6 Bxf6 12. c3 O-O 13. Nc2 Rb8 14. Bd3 Be6
15. Nce3 Bg5 16. O-O Ne7 17. Bc2 Bxe3 18. Nxe3 g6 19. Bb3 a5 20. Qd2 a4 21.
Bxe6 fxe6 22. Rad1 Nc8 23. Ng4 Qe7 24. f3 Rb6 25. f4 exf4 26. Rxf4 Rxf4 27.
Qxf4 g5 28. Nf6+ Kh8 29. Qxg5 Qg7 30. Qh4 Rc6 31. Rf1 Qe7 32. Nh5 b4 {...} 1-0

[Event "Mercredi 2018.08.29 ABCD"]
[Site "Montreal CAN"]
[Date "2018.09.12"]
[Round "3"]
[White "Zhong, Kevin"]
[Black "Barko, Maxim"]
[Result "1-0"]
[WhiteElo "2008"]
[BlackElo "1923"]
[PlyCount "107"]
[EventDate "2018.08.29"]
[EventType "tourn"]
[EventRounds "5"]
[EventCountry "CAN"]

1. e4 c5 2. Ne2 Nc6 3. Nbc3 d6 4. g3 g6 5. Bg2 Bg7 6. O-O Rb8 7. d3 e6 8. Be3
b5 9. a3 a5 10. d4 b4 11. axb4 axb4 12. Nb1 cxd4 13. Nxd4 Nge7 14. c3 O-O 15.
c4 Nxd4 16. Bxd4 Bxd4 17. Qxd4 Nc6 18. Qd2 e5 19. Qd3 Nd4 20. Nd2 Bg4 21. Nf3
Bxf3 22. Bxf3 Qc7 23. Rfc1 Ra8 24. Bd1 Ra7 25. Ba4 Rfa8 26. b3 Qc5 27. Ra2 Kg7
28. Rca1 g5 29. Kg2 h5 30. Rh1 h4 31. Qd2 f6 32. gxh4 gxh4 33. Rg1 Qc8 34. Kh1+
Kh7 35. Qd1 Qf8 36. f4 Qh6 37. Rag2 Ne6 38. Rg6 Qxg6 39. Rxg6 Kxg6 40. f5+ Kf7
41. Qd5 h3 42. Qxe6+ Kg7 43. Kg1 Rg8 44. Be8 Kh6+ 45. Qxg8 Rg7+ 46. Qxg7+ Kxg7
47. Kf2 Kh6 48. Kg3 Kg5 49. Kxh3 Kf4 50. Bc6 Ke3 51. Kg4 Kd4 52. h4 Kc3 53. Ba4
Kd4 54. Kf3 1-0

[Event "Mercredi 2018.08.29 ABCD"]
[Site "Montreal CAN"]
[Date "2018.09.19"]
[Round "4"]
[White "Baran, Marius"]
[Black "Nardone, Raul"]
[Result "1-0"]
[WhiteElo "1739"]
[BlackElo "1764"]
[PlyCount "93"]
[EventDate "2018.08.29"]
[EventType "tourn"]
[EventRounds "5"]
[EventCountry "CAN"]

1. e4 c5 2. Nf3 d6 3. d4 cxd4 4. Nxd4 Nf6 5. Nc3 a6 6. Be2 e5 7. Nb3 Be7 8. Be3
O-O 9. g4 Be6 10. g5 Nfd7 11. Qd2 Nc6 12. O-O-O b5 13. Kb1 Nb4 14. a3 Nc6 15.
Nd5 Rc8 16. Nxe7+ Nxe7 17. Qxd6 Rc6 18. Qb4 Bxb3 19. Qxb3 Qc7 20. Bg4 Nb8 21.
Rd2 Kh8 22. Rhd1 Ng6 23. f3 Rc4 24. c3 Kg8 25. Rd6 Kh8 26. R1d2 Nf4 27. Bxf4
exf4 28. Qd1 g6 29. Rd8 Kg8 30. Rxf8+ Kxf8 31. Rd8+ Ke7 32. Rd5 Ke8 33. Qd2 Ke7
34. h4 Ke8 35. h5 Ke7 36. h6 Ke8 37. Rd6 a5 38. Qxf4 Nc6 39. Qd2 b4 40. Bd7+
Ke7 41. Rxc6 Rxc6 42. Bxc6 Qxc6 43. Qd5 Qb6 44. Qd4 Qb5 45. axb4 Qf1+ 46. Ka2
Qxf3 47. Qf6+ 1-0

[Event "Mercredi 2018.08.29 ABCD"]
[Site "Montreal CAN"]
[Date "2018.09.19"]
[Round "4"]
[White "Barko, Maxim"]
[Black "Lebeau, Gilbert"]
[Result "1-0"]
[WhiteElo "1923"]
[BlackElo "1947"]
[PlyCount "87"]
[EventDate "2018.08.29"]
[EventType "tourn"]
[EventRounds "5"]
[EventCountry "CAN"]

1. d4 e6 2. c4 Nf6 3. Nc3 Bb4 4. f3 d5 5. a3 Bxc3+ 6. bxc3 O-O 7. Bg5 h6 8. Bh4
Nbd7 9. e3 c5 10. cxd5 exd5 11. Bd3 Re8 12. Qd2 Qa5 13. Ne2 b6 14. Ra2 Ba6 15.
Bxa6 Qxa6 16. O-O Qc4 17. Rb2 Rac8 18. Kh1 Rc6 19. g4 Rce6 20. Bf2 Nh7 21. h4
g5 22. h5 Nhf6 23. Bg1 Nb8 24. Rd1 Nc6 25. Ng3 Na5 26. Nf5 Qa4 27. Qd3 Nc4 28.
Ra2 Nxe3 29. Bxe3 c4 30. Qd2 Kh8 31. Rb1 Qd7 32. Rg1 Nh7 33. Raa1 Nf6 34. Rae1
Rc6 35. Qc2 Nxh5 36. gxh5 Rf6 37. Bf2 Rxe1 38. Rxe1 Rxf5 39. Re8+ Kg7 40. Re7
Qc8 41. Kg2 Rf6 42. Bg3 Kf8 43. Qe2 Qd8 44. Rb7 1-0

[Event "Mercredi 2018.08.29 ABCD"]
[Site "Montreal CAN"]
[Date "2018.09.19"]
[Round "4"]
[White "Biakolo, Lima"]
[Black "O'Connor, Michael"]
[Result "1/2-1/2"]
[WhiteElo "1912"]
[BlackElo "1804"]
[PlyCount "72"]
[EventDate "2018.08.29"]
[EventType "tourn"]
[EventRounds "5"]
[EventCountry "CAN"]

1. e4 c5 2. Nf3 Nc6 3. d4 cxd4 4. Nxd4 Nf6 5. Nc3 e5 6. Nf5 d5 7. exd5 Bxf5 8.
dxc6 Qxd1+ 9. Nxd1 bxc6 10. Ne3 Bg6 11. Ba6 Rd8 12. O-O Bd6 13. c3 Nd7 14. Bb7
Nb8 15. Nc4 Bc7 16. Re1 O-O 17. Be3 Bd3 18. Na3 Bb6 19. Bxb6 axb6 20. Rxe5 Rd7
21. Ba8 Ra7 22. Bxc6 Nxc6 23. Rd5 Ba6 24. b4 Ne7 25. Rd6 Nc8 26. Rd4 Be2 27.
Nb1 b5 28. Nd2 Nb6 29. f3 h6 30. Kf2 Bc4 31. Nxc4 bxc4 32. a4 Rxa4 33. Rxa4
Nxa4 34. Rxc4 Rb8 35. Ke3 Nxc3 36. Rxc3 Rxb4 1/2-1/2

[Event "Mercredi 2018.08.29 ABCD"]
[Site "Montreal CAN"]
[Date "2018.09.19"]
[Round "4"]
[White "Gates, Claude-Eric"]
[Black "Jean, Robert"]
[Result "1-0"]
[WhiteElo "1690"]
[BlackElo "1683"]
[PlyCount "81"]
[EventDate "2018.08.29"]
[EventType "tourn"]
[EventRounds "5"]
[EventCountry "CAN"]

1. d4 Nf6 2. c4 e6 3. Nc3 Bb4 4. e3 O-O 5. Nge2 d5 6. a3 Be7 7. cxd5 exd5 8.
Nf4 c6 9. Bd3 Re8 10. O-O Nbd7 11. Qc2 Nf8 12. f3 Ne6 13. Nxe6 Bxe6 14. b4 a6
15. Bb2 h6 16. Qf2 Bf8 17. Rac1 Bd7 18. e4 Nh5 19. Ne2 g6 20. e5 Kh7 21. Bc3
Ng7 22. Ng3 h5 23. Bd2 h4 24. Ne2 Bf5 25. Qe3 Bxd3 26. Qxd3 Nf5 27. g4 hxg3 28.
hxg3 Bh6 29. Bxh6 Kxh6 30. Kf2 Rh8 31. Qd2+ Kg7 32. Rh1 Qe7 33. g4 Rxh1 34.
Rxh1 Nh4 35. Ng3 Rh8 36. f4 f6 37. Qe2 fxe5 38. dxe5 Rf8 39. Qe3 b6 40. Ke2 c5
41. f5 1-0

[Event "Mercredi 2018.08.29 ABCD"]
[Site "Montreal CAN"]
[Date "2018.09.19"]
[Round "4"]
[White "Jacquet, Stephane"]
[Black "Zhong, Kevin"]
[Result "0-1"]
[WhiteElo "2025"]
[BlackElo "2067"]
[PlyCount "66"]
[EventDate "2018.08.29"]
[EventType "tourn"]
[EventRounds "5"]
[EventCountry "CAN"]

1. d4 d5 2. c4 e6 3. Nc3 c5 4. cxd5 exd5 5. Nf3 Nc6 6. g3 Nf6 7. Bg2 Be7 8. O-O
O-O 9. Be3 c4 10. Bf4 a6 11. Ne5 Bf5 12. f3 Qb6 13. Nxc6 bxc6 14. e4 Be6 15.
Na4 Qa7 16. e5 Nd7 17. Be3 Nxe5 18. f4 Ng4 19. Bc1 Bf5 20. h3 Nf6 21. g4 Bd3
22. Re1 Ne4 23. b3 Bf6 24. bxc4 Bxd4+ 25. Kh2 Bxc4 26. Bxe4 dxe4 27. Rxe4 Bxa1
28. Be3 Qb7 29. Qxa1 Rfe8 30. Nc5 Qc7 31. Qd4 Bd5 32. Nxa6 Rxe4 33. Qxe4 Qa5
0-1

[Event "Mercredi 2018.08.29 ABCD"]
[Site "Montreal CAN"]
[Date "2018.09.19"]
[Round "4"]
[White "Langlois-Remillard, Alexis"]
[Black "Boudreau, Daniel"]
[Result "1-0"]
[WhiteElo "2124"]
[BlackElo "2059"]
[PlyCount "53"]
[EventDate "2018.08.29"]
[EventType "tourn"]
[EventRounds "5"]
[EventCountry "CAN"]

1. b3 e5 2. Bb2 d6 3. e3 Nf6 4. c4 Be7 5. Nc3 Bf5 6. Nf3 Nbd7 7. d4 c6 8. Be2
Qc7 9. Nh4 Bg6 10. Nxg6 hxg6 11. Qc2 a6 12. h3 Nf8 13. dxe5 dxe5 14. O-O-O Ne6
15. Kb1 a5 16. a3 Nc5 17. Bf3 O-O 18. g4 Rfb8 19. h4 Ra6 20. g5 Nh7 21. Ne4
Nxe4 22. Qxe4 Re8 23. Rd3 f5 24. gxf6 Nxf6 25. Qxg6 Bxa3 26. Bxa3 e4 27. Rd6
1-0

[Event "Mercredi 2018.08.29 ABCD"]
[Site "Montreal CAN"]
[Date "2018.09.19"]
[Round "4"]
[White "Millette, Sylvain"]
[Black "Vignalou, Joseph"]
[Result "1/2-1/2"]
[WhiteElo "1692"]
[BlackElo "1741"]
[PlyCount "66"]
[EventDate "2018.08.29"]
[EventType "tourn"]
[EventRounds "5"]
[EventCountry "CAN"]

1. Nf3 Nf6 2. g3 d5 3. Bg2 e6 4. O-O Be7 5. d4 O-O 6. c4 c5 7. cxd5 Nxd5 8. e4
Nf6 9. Nc3 Nc6 10. d5 exd5 11. exd5 Nb4 12. Ne5 Bf5 13. Be3 Bd6 14. Nc4 Bd3 15.
Nxd6 Qxd6 16. Re1 c4 17. Rc1 Nbxd5 18. Nxd5 Nxd5 19. b3 Rad8 20. bxc4 Nxe3 21.
Rxe3 Qg6 22. Bd5 Bf5 23. Qe2 b6 24. Re1 Bg4 25. f3 Bd7 26. Re7 Qd6 27. Kg2 b5
28. Qd3 Be6 29. R7xe6 fxe6 30. Rxe6 Qb4 31. Rh6+ Rxd5 32. Qxd5+ Kh8 33. Rc6
bxc4 1/2-1/2

[Event "Mercredi 2018.08.29 ABCD"]
[Site "Montreal CAN"]
[Date "2018.09.19"]
[Round "4"]
[White "Nesterov, Timour"]
[Black "Nunez, Omar"]
[Result "0-1"]
[WhiteElo "1945"]
[BlackElo "1975"]
[PlyCount "98"]
[EventDate "2018.08.29"]
[EventType "tourn"]
[EventRounds "5"]
[EventCountry "CAN"]

1. d4 d6 2. Bf4 f5 3. e3 Nf6 4. Nf3 g6 5. Bd3 Bg7 6. Nbd2 Nh5 7. Bg3 O-O 8. Qe2
Nc6 9. c3 e5 10. dxe5 dxe5 11. Bc4+ Kh8 12. Bh4 Qe8 13. O-O-O a6 14. Bb3 b5 15.
Kb1 Rb8 16. h3 a5 17. Rhg1 Nf6 18. e4 fxe4 19. Ng5 a4 20. Bc2 b4 21. Ndxe4 bxc3
22. Nxc3 Nd4 23. Rxd4 exd4 24. Qxe8 Nxe8 25. Nxa4 Bf5 26. Nc5 d3 27. Nxd3 Bxd3
28. Bxd3 Rxb2+ 29. Kc1 Rxa2 30. Ne6 Ra1+ 31. Bb1 Rf5 32. Nxg7 Rb5 33. Kc2 Kxg7
34. Re1 Nd6 35. Bg3 Ra6 36. Kd2 Kf6 37. Rc1 Rb2+ 38. Kc3 Re2 39. Kd3 Rb2 40.
Kc3 Rb5 41. Re1 Rc6+ 42. Kd2 Rb2+ 43. Kd3 Rb3+ 44. Kd2 Nc4+ 45. Kc2 Na5+ 46.
Kd2 Rb2+ 47. Kd3 Rb5 48. Ba2 Nb3 49. Re2 Nc1+ 0-1

[Event "Mercredi 2018.08.29 ABCD"]
[Site "Montreal CAN"]
[Date "2018.09.19"]
[Round "4"]
[White "Nikulich, Oleksandr"]
[Black "Tremblay, Alain"]
[Result "1-0"]
[WhiteElo "2097"]
[BlackElo "2128"]
[PlyCount "91"]
[EventDate "2018.08.29"]
[EventType "tourn"]
[EventRounds "5"]
[EventCountry "CAN"]

1. c4 d6 2. d4 g6 3. Nc3 Bg7 4. Nf3 Nf6 5. Bg5 O-O 6. e3 c5 7. Be2 Qa5 8. O-O
Nbd7 9. Qc2 a6 10. a3 cxd4 11. exd4 e5 12. Bh4 exd4 13. Nxd4 Qb6 14. Rad1 Ne5
15. h3 Be6 16. Nxe6 fxe6 17. Ne4 Nxe4 18. Qxe4 Rae8 19. b4 Rf7 20. Kh1 g5 21.
Bg3 Rf5 22. Bg4 Nxg4 23. hxg4 Rf4 24. Bxf4 gxf4 25. Rd3 e5 26. Qd5+ Kh8 27.
Qxd6 Qa7 28. Rh3 Qb8 29. Qg6 h6 30. g5 Qd8 31. gxh6 Bf6 32. h7 Qe7 33. Rd1 Rf8
34. Qg4 Rd8 35. Rhd3 Rf8 36. Rd7 Qe8 37. Rxb7 e4 38. Rb6 e3 39. fxe3 fxe3 40.
Re1 Bc3 41. Re2 Qd8 42. Rg6 Qd1+ 43. Kh2 Be5+ 44. g3 Rf2+ 45. Rxf2 Qxg4 46.
Rf8+ 1-0

[Event "Mercredi 2018.08.29 ABCD"]
[Site "Montreal CAN"]
[Date "2018.09.19"]
[Round "4"]
[White "Ostaci, Liviu"]
[Black "O'Neill, Brendon"]
[Result "0-1"]
[WhiteElo "1684"]
[BlackElo "1702"]
[PlyCount "48"]
[EventDate "2018.08.29"]
[EventType "tourn"]
[EventRounds "5"]
[EventCountry "CAN"]

1. c4 f5 2. Nf3 e6 3. g3 Nf6 4. Bg2 Be7 5. O-O O-O 6. d3 d6 7. Bg5 e5 8. Bxf6
Bxf6 9. Qc2 Nc6 10. e3 Ne7 11. d4 Qe8 12. dxe5 dxe5 13. Nc3 c6 14. Rad1 Ng6 15.
Rfe1 e4 16. Nd4 Ne5 17. Bf1 c5 18. f4 Nd3 19. Ndb5 Nxe1 20. Rxe1 Bxc3 21. Qxc3
Qe7 22. a3 a6 23. Qa5 b6 24. Qa4 Bd7 0-1

[Event "Mercredi 2018.08.29 ABCD"]
[Site "Montreal CAN"]
[Date "2018.09.19"]
[Round "4"]
[White "Pomerantz, Daniel"]
[Black "Lopez Linares, Lizandro"]
[Result "0-1"]
[WhiteElo "2062"]
[BlackElo "2212"]
[PlyCount "106"]
[EventDate "2018.08.29"]
[EventType "tourn"]
[EventRounds "5"]
[EventCountry "CAN"]

1. e4 c6 2. d4 d5 3. e5 Bf5 4. Nf3 e6 5. Be2 Nd7 6. O-O Rc8 7. c3 c5 8. Be3 Qc7
9. Na3 a6 10. c4 cxd4 11. Bxd4 Bxa3 12. bxa3 dxc4 13. Rc1 b5 14. a4 Ne7 15.
axb5 axb5 16. a4 Nd5 17. axb5 N7b6 18. Bb2 O-O 19. Ba3 Rfd8 20. Bd6 Qb7 21. Nd4
Nf4 22. Bf3 Be4 23. Nc6 Bxc6 24. Bxc6 Rxc6 25. bxc6 Qxc6 26. Qg4 Nbd5 27. Rfd1
c3 28. Rd4 h5 29. Qf3 g5 30. Be7 g4 31. Qe4 Rc8 32. Bg5 Ng6 33. h3 gxh3 34.
gxh3 Qb6 35. Rb1 Qc7 36. Bf6 c2 37. Rc1 Qc3 38. Bg5 h4 39. Kh2 Qb2 40. Rd3
Qxe5+ 41. Qxe5 Nxe5 42. Rb3 Rc4 43. Rg1 Kh7 44. Bc1 Nb4 45. Bb2 f6 46. Bxe5
fxe5 47. Rc1 Na2 48. Rb7+ Kg6 49. Rg1+ Kf6 50. Rgg7 e4 51. f4 exf3 52. Rgf7+
Ke5 53. Rb5+ Ke4 0-1

[Event "Mercredi 2018.08.29 ABCD"]
[Site "Montreal CAN"]
[Date "2018.09.19"]
[Round "4"]
[White "Templonuevo, Mark Geryl"]
[Black "Guipi Bopala, Prince Eric jr"]
[Result "1-0"]
[WhiteElo "1866"]
[BlackElo "1788"]
[PlyCount "149"]
[EventDate "2018.08.29"]
[EventType "tourn"]
[EventRounds "5"]
[EventCountry "CAN"]

1. d4 e6 2. c4 f5 3. Nf3 Nf6 4. g3 d5 5. Bg2 c6 6. O-O Bd6 7. Qc2 O-O 8. Rd1
Bd7 9. b3 Qe7 10. Bb2 a5 11. Qc1 Na6 12. c5 Bc7 13. Nc3 Be8 14. Na4 Nb8 15. Nb6
Ra6 16. Nc8 Qd8 17. Nd6 Ne4 18. Nxb7 Qc8 19. Nd6 Nxd6 20. cxd6 Bxd6 21. Ba3 Qc7
22. Bxd6 Qxd6 23. Qf4 Qxf4 24. gxf4 Bh5 25. Ng5 Re8 26. Rd2 h6 27. Nf3 Bxf3 28.
Bxf3 a4 29. bxa4 Rxa4 30. Bh5 Rc8 31. Rb1 Na6 32. Rb7 Rc7 33. Rxc7 Nxc7 34. e3
Kf8 35. Rb2 Nb5 36. Rc2 Rc4 37. Rb2 Ra4 38. Bd1 Ra6 39. a4 Nc3 40. Bb3 Rb6 41.
a5 Ra6 42. Rc2 Ne4 43. Ra2 Ke7 44. Bc2 Nd6 45. Bd3 Nc4 46. Bxc4 dxc4 47. Kf1
Kd6 48. Ke2 c5 49. Kd2 g5 50. fxg5 hxg5 51. dxc5+ Kxc5 52. Kc3 Kb5 53. Rb2+ Kc5
54. Rb6 Rxb6 55. axb6 Kxb6 56. Kxc4 g4 57. Kd4 Kc6 58. Ke5 Kd7 59. e4 fxe4 60.
Kxe4 Ke7 61. Kf4 Kf6 62. Kxg4 Kg6 63. Kf4 Kf6 64. Ke4 e5 65. h4 Ke6 66. h5 Kf6
67. h6 Kg6 68. Kxe5 Kxh6 69. Kf6 Kh7 70. Kf7 Kh8 71. f4 Kh7 72. f5 Kh8 73. f6
Kh7 74. Ke8 Kg6 75. f7 1-0

[Event "Mercredi 2018.08.29 ABCD"]
[Site "Montreal CAN"]
[Date "2018.09.26"]
[Round "5"]
[White "Guipi Bopala, Prince Eric jr"]
[Black "Baran, Marius"]
[Result "0-1"]
[WhiteElo "1788"]
[BlackElo "1739"]
[PlyCount "170"]
[EventDate "2018.08.29"]
[EventType "tourn"]
[EventRounds "5"]
[EventCountry "CAN"]

1. d4 d5 2. Bf4 Bf5 3. e3 e6 4. c4 dxc4 5. Bxc4 c6 6. Nc3 Nf6 7. Nf3 Nbd7 8.
O-O Be7 9. h3 h6 10. a3 O-O 11. b4 Nb6 12. Bd3 Bxd3 13. Qxd3 Nbd5 14. Bh2 Nxc3
15. Qxc3 Ne4 16. Qc2 Qd5 17. Nd2 Nxd2 18. Qxd2 Rad8 19. Qc2 Bd6 20. Rfd1 Bxh2+
21. Kxh2 e5 22. dxe5 Qxe5+ 23. Kg1 Rd5 24. Rxd5 Qxa1+ 25. Rd1 Qxa3 26. Qd2 c5
27. bxc5 Qxc5 28. Qd7 Qc8 29. Qa4 a6 30. Qa5 Re8 31. Qb6 Kh7 32. Rb1 Re7 33.
Rd1 Qc7 34. Rd6 Rd7 35. Qxc7 Rxc7 36. Rb6 Kg8 37. Kf1 Kf8 38. Ke2 Rd7 39. f4
Ke8 40. g4 Kd8 41. g5 Kc7 42. Rb4 h5 43. e4 b5 44. f5 Kb6 45. Ke3 a5 46. Rb1 b4
47. e5 Kb5 48. Ke4 Kc4 49. e6 fxe6 50. fxe6 Re7 51. Ke5 b3 52. Kd6 Re8 53. e7
a4 54. Kd7 Rxe7+ 55. Kxe7 a3 56. Kf7 b2 57. Kxg7 Kc3 58. Kf7 a2 59. Rxb2 Kxb2
60. g6 a1=Q 61. g7 Qa2+ 62. Kf8 Qa3+ 63. Kf7 Qb3+ 64. Kf8 Qb4+ 65. Kf7 Qc4+ 66.
Kf8 Qc5+ 67. Kf7 Qd5+ 68. Kf8 Qf5+ 69. Ke7 Qg6 70. Kf8 Qf6+ 71. Kg8 h4 72. Kh7
Qf7 73. Kh8 Qh5+ 74. Kg8 Kc3 75. Kf8 Qh6 76. Kf7 Qh7 77. Kf8 Qf5+ 78. Ke7 Qg6
79. Kf8 Qf6+ 80. Kg8 Kd4 81. Kh7 Qf7 82. Kh8 Qh5+ 83. Kg8 Ke5 84. Kf8 Qf5+ 85.
Ke7 Qf6+ 0-1

[Event "Mercredi 2018.08.29 ABCD"]
[Site "Montreal CAN"]
[Date "2018.09.13"]
[Round "5"]
[White "Jean, Robert"]
[Black "Millette, Sylvain"]
[Result "1/2-1/2"]
[WhiteElo "1683"]
[BlackElo "1692"]
[PlyCount "76"]
[EventDate "2018.08.29"]
[EventType "tourn"]
[EventRounds "5"]
[EventCountry "CAN"]

1. d4 Nf6 2. c4 g6 3. f3 c5 4. d5 d6 5. e4 Bg7 6. Nc3 O-O 7. Be3 e5 8. g4 Nxg4
9. fxg4 Qh4+ 10. Bf2 Qxg4 11. Qxg4 Bxg4 12. Be2 Bxe2 13. Ngxe2 a6 14. O-O f5
15. Bh4 Bf6 16. Bxf6 Rxf6 17. a4 Nd7 18. a5 Rc8 19. Kg2 f4 20. Ng1 g5 21. Nf3
Rg6 22. Kh1 Kf7 23. Rg1 Rcg8 24. Rg2 Nf6 25. Rag1 h6 26. b3 R8g7 27. h3 Nh5 28.
Kh2 Ng3 29. Rxg3 fxg3+ 30. Rxg3 Rf6 31. Kg2 Rf4 32. Rg4 Rxg4+ 33. hxg4 Rg8 34.
Ne2 b6 35. axb6 Rb8 36. Ng3 Rxb6 37. Nd2 a5 38. Kf2 Kg6 1/2-1/2

[Event "Mercredi 2018.08.29 ABCD"]
[Site "Montreal CAN"]
[Date "2018.09.26"]
[Round "5"]
[White "Lebeau, Gilbert"]
[Black "Zhong, Kevin"]
[Result "0-1"]
[WhiteElo "1947"]
[BlackElo "2067"]
[PlyCount "126"]
[EventDate "2018.08.29"]
[EventType "tourn"]
[EventRounds "5"]
[EventCountry "CAN"]

1. d4 Nf6 2. Bf4 e6 3. e3 b6 4. Nf3 Bb7 5. Bd3 d6 6. Nbd2 Nbd7 7. e4 g6 8. O-O
Bg7 9. h3 O-O 10. e5 dxe5 11. dxe5 Nd5 12. Bg3 Nb4 13. Qe2 Nc5 14. Be4 Ba6 15.
c4 Nxe4 16. Qxe4 Qd3 17. Qf4 Qf5 18. Qh4 Nd3 19. b3 Nxe5 20. Nxe5 Bxe5 21. Bxe5
Qxe5 22. Nf3 Qg7 23. Rad1 Bb7 24. Qe7 Rac8 25. Rd7 Rfe8 26. Qh4 Bc6 27. Rd2
Bxf3 28. gxf3 Qc3 29. Rfd1 Qxf3 30. Rd7 Kg7 31. R1d3 Qf5 32. Qg3 e5 33. R3d5
Qf6 34. Qd3 Qg5+ 35. Kf1 Qf4 36. c5 e4 37. Qc4 Qf3 38. Qd4+ Kg8 39. Qe3 Qxe3
40. fxe3 Kf8 41. Rd4 Re5 42. cxb6 axb6 43. a4 Ke8 44. Kf2 Rf5+ 45. Ke2 Rh5 46.
b4 Rxh3 47. R7d5 Rh4 48. Re5+ Kf8 49. Rd7 Re8 50. Rxe8+ Kxe8 51. Rxc7 Rh2+ 52.
Kf1 Ra2 53. Ra7 b5 54. a5 h5 55. Rb7 h4 56. Rxb5 h3 57. Re5+ Kd7 58. Kg1 f5 59.
Rb5 f4 60. Re5 f3 61. Rd5+ Kc6 62. Rd1 g5 63. a6 g4 0-1